000 00371nam a2200133Ia 4500
008 231129s9999||||xx |||||||||||||| ||spa||
020 _a( V.1) 970-17-0132-1
040 _bspa
082 _aR 155 C886m
100 _aCraig Grace J.
245 0 _aManual de psicologia y desarrollo educativo
264 _aPrentice-Hall.
942 _2ddc
_cBKS
999 _c20438
_d20438